000 00398pab a2200169 454500
008 180718b2008 xxu||||| |||| 00| 0 eng d
100 _aDeming, David
245 _aThe lengthening of childhood
260 _c2008
300 _ap.71-92.
362 _aSummer
650 _aChildhood
700 _aDynarski, Susan
773 _aJournal of Economic Perspectives
908 _aN
909 _a79428
999 _c79428
_d79428